All 10k+ cities in Virginia on a Map - Statistics

General Stats
  • This quiz has been taken 109 times
  • The average score is 20 of 31
Answers on the Map
Answers color-coded by a green-red scale on the quiz's map according to % correct below.
 
Answer Stats
City Population % Correct
Richmond 233,655
100%
Virginia Beach 454,808
96%
Norfolk 231,105
93%
Alexandria 159,102
91%
Newport News 183,056
91%
Roanoke 97,912
89%
Hampton 137,596
87%
Chesapeake 254,997
85%
Lynchburg 80,301
85%
Suffolk 103,105
78%
Charlottesville 44,767
76%
Danville 41,993
72%
Manassas 43,616
72%
Fredericksburg 29,992
67%
Harrisonburg 51,164
67%
Portsmouth 96,482
67%
Williamsburg 16,030
67%
Staunton 26,361
61%
Winchester 27,800
61%
Petersburg 34,058
59%
Bristol 16,316
52%
Fairfax 26,340
48%
Falls Church 15,034
48%
Manassas Park 16,611
46%
Salem 25,908
46%
Colonial Heights 18,674
39%
Waynesboro 23,498
39%
Martinsville 13,834
37%
Radford 17,273
37%
Hopewell 22,970
35%
Poquoson 12,854
33%
No matching quizzes found
Score Distribution
Percent of People with Each Score
Percentile by Number Answered
Your Score History
You have not taken this quiz